000 00292nam a22001337a 4500
008 170327b xxu||||| |||| 00| 0 eng d
020 _a9780443048968
041 _aeng
080 _a615.83
100 _a8
101 _aSHM
245 _aAIDS AND NEUROLOGY
_cHARRISON.M.J.G
942 _2udc
_cBK
999 _c8648
_d8648